[Event "15th Open"]
[Site "Leuven BEL"]
[Date "2003.11.09"]
[Round "5"]
[White "Vanderwaeren,S"]
[Black "Goloshchapov,A"]
[Result "1/2-1/2"]
[WhiteElo "2252"]
[BlackElo "2574"]

1.Nf3 d5 2.c4 e6 3.g3 Nf6 4.Bg2 dxc4 5.O-O c6 6.a4 b6 7.Ne5 Bb7 8.Nxc4 Be7
9.Nc3 O-O 10.d4 Qc8 11.Bg5 Rd8 12.e4 c5 13.d5 Nc6 14.Bxf6 Bxf6 15.dxc6 Rxd1
16.cxb7 Rxf1+ 17.Rxf1 Qxb7 18.e5 Qc8 19.Bxa8 Qxa8 20.exf6 gxf6 21.Rd1 Qc6
22.Rd6 Qb7 23.Rd3 Kg7 24.Nd6 Qc6 25.Nc4 Kf8 26.f3 Kg7 27.Kf2 Kf8 28.b3 Kg7
29.Ne4 b5 30.axb5 Qxb5 31.Kg2 a5 32.Ned6 Qb4 33.Re3 a4 34.bxa4 Qxa4 35.Re2 Qd1
36.Rf2 Kg6 37.g4 Qd4 38.Rd2 Qf4 39.Rb2 h5 40.gxh5+ Kxh5 41.Rb8 Qg5+ 42.Kf2 Qh4+
43.Kg2 Qg5+ 44.Kf2 Qh4+ 45.Kg2  1/2-1/2

[Event "ch-Europe Internet Blitz"]
[Site "playchess.com INT"]
[Date "2003.11.09"]
[Round "1.2"]
[White "Grebionkin,Vl"]
[Black "Sadvakasov,D"]
[Result "1/2-1/2"]
[WhiteElo "2462"]
[BlackElo "2595"]

1.Nf3 d5 2.c4 dxc4 3.e3 Nf6 4.Bxc4 e6 5.d4 c5 6.O-O a6 7.dxc5 Bxc5 8.Qxd8+ Kxd8
9.Nbd2 Ke7 10.Be2 Rd8 11.a3 b5 12.b4 Bd6 13.Bb2 Bb7 14.Nb3 Nbd7 15.Na5 Bd5
16.Rac1 Rac8 17.Nd4 Ne5 18.f3 g5 19.e4 Ba8 20.g3 Bb8 21.Nab3 g4 22.Nc5 gxf3
23.Nxf3 Nxf3+ 24.Bxf3 e5 25.Nxa6 Ba7+ 26.Nc5 Nxe4 27.Bxe4 Bxe4 28.Bxe5 Rd2
29.Rf2 Rxf2 30.Kxf2 Bxc5+ 31.bxc5 Bc6 32.Re1 Ra8 33.Bg7+ Kd7 34.Rd1+ Kc7
35.Bb2 Kb7 36.Rd4 Re8 37.Rf4 Bd5 38.Rf6 Be6 39.Be5 Kc6 40.Bd6 Ra8 41.Rf3 Ra4
42.h4 h5 43.Re3 Rc4 44.Be7 Ra4 45.Rc3 Rc4 46.Rxc4 Bxc4 47.Ke3 Be6 48.Kd4 Bg4
49.Bf6 Bf3 50.Be7 Bg4 51.Bd6 Bd1 52.Ke5 Bg4 53.Kf6 Be6 54.Kg5 Bg4 55.Kf6 Be6
56.Kg5 Bg4 57.Kf6  1/2-1/2

[Event "1st Chesspangenberg Open"]
[Site "Buenos Aires ARG"]
[Date "2003.11.10"]
[Round "6"]
[White "De Dovitiis,A"]
[Black "Hungaski,R"]
[Result "1/2-1/2"]
[WhiteElo "2368"]
[BlackElo "2145"]

1.Nf3 d5 2.c4 e6 3.e3 Nf6 4.Nc3 Nbd7 5.b3 c6 6.Bb2 Bd6 7.Qc2 O-O 8.Be2 a6
9.h3 b5 10.g4 b4 11.Na4 Ne4 12.d3 Nec5 13.Nxc5 Nxc5 14.g5 a5 15.Bd4 a4 16.Rc1 axb3
17.axb3 Nd7 18.Qb2 f6 19.gxf6 gxf6 20.Rg1+ Kh8 21.cxd5 cxd5 22.e4 e5 23.Be3 Bb7
24.Nh4 Rg8 25.Rxg8+ Kxg8 26.Nf5 Bf8 27.Bh5 dxe4 28.Qe2 Bd5 29.dxe4 Bxb3 30.Nh6+ Kh8
31.Qg4 Bxh6 32.Bxh6 Qe7 33.Rc7 Be6 34.Bg7+ Kg8 35.Bxf6+ Bxg4 36.Bxe7 Ra1+
37.Kd2 Rd1+ 38.Ke3 Bxh5 39.Bxb4 Be8 40.h4 Rh1 41.Be7 Kf7 42.Bg5 Ra1 43.Rc6 Ra3+
44.Kd2 Ra7 45.Rh6 Nf8 46.Rf6+ Kg7 47.Rd6 Rd7 48.Bf6+ Kg6 49.Bxe5+ Kh5 50.Ke3 Ng6
51.Rxd7 Bxd7 52.Bf6 Nxh4 53.Bxh4 Kxh4 54.Kf4 Kh5 55.Kg3 Bc6 56.Kf4 Kg6 57.f3 Kf6
58.Kg4 Ke5 59.Kg5 Be8 60.Kh6 Bg6 61.Kg5 h5 62.f4+ Kxe4 63.Kxg6  1/2-1/2

[Event "15th Open"]
[Site "Leuven BEL"]
[Date "2003.11.10"]
[Round "6"]
[White "Mackenzie,C"]
[Black "Lacrosse,M"]
[Result "1/2-1/2"]
[WhiteElo "2147"]
[BlackElo "2255"]

1.Nf3 d5 2.c4 e6 3.g3 Nf6 4.Bg2 Be7 5.O-O O-O 6.d4 dxc4 7.Qa4 a6 8.Qxc4 b5
9.Qc2 Bb7 10.a3 Nbd7 11.b4 a5 12.bxa5 Rxa5 13.Bd2 Ra8 14.Nc3 b4 15.axb4 Rxa1
16.Rxa1 Bxb4 17.Rb1 Bxc3 18.Rxb7 Bxd2 19.Nxd2 c5 20.Nb3 cxd4 21.Nxd4 Qa5
22.Qb1 Qd2 23.e3 Ne5 24.Rb2 Qc3 25.Rb5 Qc7 26.Qa1 Rc8 27.Nb3 Nfd7 28.Ra5 h6
29.Ra8  1/2-1/2

[Event "15th Open"]
[Site "Leuven BEL"]
[Date "2003.11.10"]
[Round "7"]
[White "Villamayor,B"]
[Black "Houdart,D"]
[Result "1-0"]
[WhiteElo "2484"]
[BlackElo "2184"]

1.Nf3 d5 2.c4 c6 3.d4 Nf6 4.Qc2 a6 5.Bf4 dxc4 6.Qxc4 e6 7.g3 b5 8.Qc2 Bb7
9.Bg2 Qb6 10.O-O Nbd7 11.Nbd2 Rc8 12.Nb3 Nd5 13.Bd2 c5 14.dxc5 Nxc5 15.Rac1 Be7
16.Ne5 Qd6 17.Na5 Qxe5 18.Nxb7 Rc7 19.Na5 Na4 20.Qb3 Nc5 21.Qc2 Na4 22.Nc6 Qxb2
23.Qxb2 Nxb2 24.Bxd5 exd5 25.Nxe7 Nc4 26.Nf5 g6 27.Bc3 f6 28.Ne3 Nxe3 29.fxe3 Rf8
30.Bb4 Rff7 31.Rxc7 Rxc7 32.Rxf6 Rc4 33.a3 Re4 34.Kf2  1-0

[Event "15th Open"]
[Site "Leuven BEL"]
[Date "2003.11.10"]
[Round "7"]
[White "Vanderwaeren,S"]
[Black "Claesen,P"]
[Result "1/2-1/2"]
[WhiteElo "2252"]
[BlackElo "2382"]

1.Nf3 d5 2.c4 e6 3.g3 dxc4 4.Bg2 Nd7 5.O-O Ngf6 6.Qa4 a6 7.Qxc4 b5 8.Qc2 Bb7
9.b3 c5 10.Bb2 Be7 11.d4 O-O 12.dxc5 Bxc5 13.Nbd2 Rc8 14.Qb1 Qe7 15.a4 Rfd8
16.axb5 axb5 17.Ng5 Bxg2 18.Kxg2 Nf8 19.Ndf3 h6  1/2-1/2

[Event "TCh-SWE 2003-4"]
[Site "Malmo SWE"]
[Date "2003.11.10"]
[Round "2"]
[White "Ornstein,A"]
[Black "Brynell,S"]
[Result "1/2-1/2"]
[WhiteElo "2426"]
[BlackElo "2462"]

1.Nf3 d5 2.c4 d4 3.b4 f6 4.e3 e5 5.a3 c5 6.Bd3 dxe3 7.dxe3 cxb4 8.Qc2 g6
9.O-O Nc6 10.Rd1 Qc7 11.Be4 Bc5 12.Nbd2 bxa3 13.Bd5 Bf5 14.Qa4 Ne7 15.Nb3 Bc2
16.Rd2 Bxb3 17.Qxb3 Qb6 18.Qd1 Nxd5 19.cxd5 Nb8 20.Bxa3 Nd7 21.Qa4 Bxa3 22.Rxa3 Qd6
23.h4 O-O 24.Rc3 Rfc8 25.Rxc8+ Rxc8 26.Rd1 a6 27.h5 Kg7 28.Nh4 f5 29.Nf3 Nc5
30.Qb4 b6 31.g4 fxg4 32.Qxg4 Rf8 33.Ng5 Qf6 34.h6+ Kg8 35.Qg2 Qd6 36.Qg4 Qf6
37.Qg2 Qd6 38.Qg4 Qf6  1/2-1/2

[Event "TCh-FIN 2003-4"]
[Site "Finland FIN"]
[Date "2003.11.15"]
[Round "4"]
[White "Jouhki,Y"]
[Black "Topi Hulmi,T"]
[Result "1-0"]
[WhiteElo "2302"]
[BlackElo "2134"]

1.Nf3 d5 2.c4 c6 3.g3 Nf6 4.Bg2 Bf5 5.b3 e6 6.O-O Be7 7.Bb2 O-O 8.d3 Nbd7
9.Nbd2 h6 10.Rc1 Rc8 11.Rc2 Re8 12.Qa1 Bf8 13.a3 Qc7 14.b4 Qb8 15.Ne5 Qa8
16.e4 Bh7 17.Re1 dxe4 18.dxe4 Red8 19.c5 b6 20.cxb6 axb6 21.Ndc4 Qa6 22.Nxd7 Nxd7
23.Bf1 Qb7 24.Rd2 Nb8 25.Qd1 Rxd2 26.Qxd2 c5 27.Nd6 Rd8 28.e5 Qc7 29.Qc3 Nd7
30.f4 Qa7 31.Bb5 Bg6 32.g4 Nf6 33.f5 Nd5 34.Qf3 Bh7 35.Bc4 Qa8 36.fxe6 fxe6
37.Rf1 Bg6 38.h4 Be7 39.h5 Rf8 40.Qg2 Bh7 41.Rxf8+ Bxf8 42.Qf3 Bxd6 43.exd6 Qc6
44.Qg3 cxb4 45.Qe5 Qd7 46.axb4 Bc2 47.Bb5  1-0

[Event "British Rapidplay"]
[Site "Halifax ENG"]
[Date "2003.11.15"]
[Round "6"]
[White "Davies,N"]
[Black "Pert,N"]
[Result "1/2-1/2"]
[WhiteElo "2491"]
[BlackElo "2488"]

1.Nf3 d5 2.c4 c6 3.g3 Nf6 4.Bg2 dxc4 5.O-O Nbd7 6.Na3 Nb6 7.Qc2 Qd5 8.Nh4 Qd4
9.Rd1 Ng4 10.e3 Qd3 11.Qxd3 cxd3 12.Bf1 Ne5 13.f4 g5 14.fxe5 gxh4 15.b3 Bf5
16.Bb2 Rg8 17.Kf2 e6 18.Bg2 O-O-O 19.Rac1 Bb4 20.Nb5 Bg4 21.Bf3 Bxf3 22.Kxf3 Rg5
23.a3 Be7 24.gxh4 Rf5+ 25.Ke4 Rd5 26.Nd4 Rfxe5+ 27.Kxd3 Rh5 28.Ke2 Rxh4 29.Nf3 Rh6
30.Rg1 Bf6 31.Rg8+ Kd7 32.Bxf6 Rxf6 33.d4 Rdf5 34.Ne5+ Kc7 35.Rg7 Rf2+ 36.Kd3 Rb2
37.Nxf7 Rxb3+ 38.Rc3 Rxc3+ 39.Kxc3 h5 40.Ne5+ Kc8 41.Rg8+ Kc7 42.Rg7+ Kc8
43.Rh7 Rf5 44.Rh8+ Kc7 45.Rh7+ Kc8 46.Rh8+ Kc7 47.Rh6 Kc8 48.Kd3 Nd5 49.Rh7 Nb6  1/2-1/2

[Event "British Rapidplay"]
[Site "Halifax ENG"]
[Date "2003.11.16"]
[Round "9"]
[White "Gordon,S"]
[Black "Wells,P"]
[Result "0-1"]
[WhiteElo "2263"]
[BlackElo "2485"]

1.Nf3 d5 2.c4 e6 3.d4 Nf6 4.g3 dxc4 5.Bg2 Nc6 6.Qa4 Bb4+ 7.Bd2 Bd6 8.Qxc4 O-O
9.O-O e5 10.dxe5 Nxe5 11.Nxe5 Bxe5 12.Bc3 Qe7 13.Bxe5 Qxe5 14.Nc3 c6 15.Rad1 Be6
16.Qd4 Qc7 17.Qc5 h6 18.Rd2 Rfd8 19.Rfd1 Rxd2 20.Rxd2 Rd8 21.Rd4 Rxd4 22.Qxd4 c5
23.Qd2 a6 24.Nd5 Bxd5 25.Bxd5 Qd7 26.e4 Nxe4 27.Qd3 Nf6 28.Be4 Qe7 29.Bf3 b5
30.Kg2 g6 31.b3 Nd7 32.Bb7 c4 33.Qf3 Ne5 34.Qe4 c3 35.Bd5 Qc7 36.Qc2 Qc5
37.Be4 Qd4 38.Kf1 f5 39.Bb7 Qd3+ 40.Qxd3 Nxd3 41.Ke2 c2  0-1

[Event "TCh-ESP Final"]
[Site "Sanxenxo ESP"]
[Date "2003.11.17"]
[Round "1"]
[White "Dan Cruz,A"]
[Black "Baches Garcia,G"]
[Result "0-1"]
[WhiteElo "2120"]
[BlackElo "2400"]

1.Nf3 d5 2.c4 d4 3.b4 g6 4.Bb2 Bg7 5.e3 e5 6.exd4 exd4 7.c5 Bg4 8.Qe2+ Ne7
9.Qe4 Bxf3 10.Qxf3 O-O 11.d3 Nd5 12.Be2 Nxb4 13.Na3 N8a6 14.O-O Nxc5 15.Nc4 b6
16.Rfc1 a5 17.Ba3 Nca6 18.Bf1 c5 19.Qg3 Re8 20.Bb2 Nd5 21.Re1 Rxe1 22.Rxe1 b5
23.Nd6 Qd7 24.h4 Rd8 25.Ne4 Nc3 26.h5 Nxe4 27.Rxe4 Nb4 28.Ba3 Qc6 29.Qg5 Bf6
30.Qh6 Re8 31.Rxe8+ Qxe8 32.Qc1 Qe5 33.hxg6 hxg6 34.Qd2 Kg7 35.Bc1 Qd5 36.a3 Nc6
37.Be2 b4 38.Bf3 Qd6 39.Qh6+ Kg8 40.Be4 Ne7 41.g4 Qe6 42.Qf4 Be5 43.Qf3 Qf6
44.Kf1 Qxf3 45.Bxf3 f6 46.Ke2 g5 47.Kd1 Nc8 48.Kc2 Bf4 49.Bb2 Kf7 50.axb4 axb4
51.Kb3 Nb6 52.Be4 Ke6 53.Bh7 Ke5 54.f3 Be3 55.Be4 Kf4 56.Bb7 Bd2 57.Bc6 Ke3
58.Be4 Ke2 59.Kc2 Nd7 60.Ba1 Bc3  0-1

[Event "13th WSen"]
[Site "Bad Zwischenahn GER"]
[Date "2003.11.19"]
[Round "3"]
[White "Hecht,HJ"]
[Black "Neese,H"]
[Result "1-0"]
[WhiteElo "2404"]
[BlackElo "2257"]

1.Nf3 d5 2.c4 c6 3.d4 Nf6 4.e3 Bf5 5.Nc3 e6 6.Nh4 Bg6 7.Qb3 Qc7 8.Bd2 Nbd7
9.Rc1 Qb6 10.Nxg6 Qxb3 11.axb3 hxg6 12.Be2 Bd6 13.f4 Nh5 14.Kf2 f5 15.g4 Nhf6
16.g5 Ne4+ 17.Nxe4 fxe4 18.b4 dxc4 19.Bxc4 Kf7 20.b5 c5 21.Bc3 Nb6 22.Bf1 Rac8
23.Bg2 Nd5 24.Bxe4 b6 25.h4 Ne7 26.Rcd1 Rcd8 27.dxc5 Bxc5 28.Rxd8 Rxd8 29.Ra1 Rd7
30.Bc6 Rd3 31.Re1 Nf5 32.Be4 Rxe3 33.Rxe3 Nxe3 34.Kf3 Nf5 35.Bxf5 exf5 36.Be5 Bb4
37.Ke2 Be7 38.Kd3 Bc5 39.Kc4 Bf2 40.Kd5 Bxh4 41.Bb8 Bf2 42.Bxa7 Be3 43.Bb8 Ke7
44.Kc6 Kd8 45.Bc7+ Kc8 46.Bxb6 Bxf4 47.Ba7 Kd8 48.b6 Bxg5 49.b7 Bf4 50.Bb6+  1-0

[Event "TCh-SLO"]
[Site "Celje SLO"]
[Date "2003.11.19"]
[Round "4"]
[White "Mohr,G"]
[Black "Gruskovnjak,T"]
[Result "1-0"]
[WhiteElo "2465"]
[BlackElo "2336"]

1.Nf3 d5 2.c4 dxc4 3.Na3 a6 4.Nxc4 b5 5.Ne3 Bb7 6.g3 Nd7 7.Bg2 Ngf6 8.d3 e6
9.O-O c5 10.a4 Be7 11.b3 O-O 12.Bb2 Qb6 13.Qd2 Rfd8 14.Bc3 Qd6 15.Qb2 Bf8
16.Rfd1 Nd5 17.Nxd5 exd5 18.Ba5 Rdb8 19.Rac1 Bc6 20.Qc2 bxa4 21.bxa4 Nb6
22.Bxb6 Rxb6 23.d4 c4 24.Ne5 Bb7 25.Rb1 Rb8 26.Rxb6 Qxb6 27.Nd7 Qc7 28.Nxb8 Qxb8
29.e4 Bb4 30.exd5 c3 31.Re1 g6 32.a5 Bc8 33.Re8+ Bf8 34.Qxc3  1-0

[Event "TCh-SLO"]
[Site "Celje SLO"]
[Date "2003.11.20"]
[Round "5"]
[White "Sebenik,M"]
[Black "Mikac,M"]
[Result "1-0"]
[WhiteElo "2430"]
[BlackElo "2358"]

1.Nf3 d5 2.c4 c6 3.e3 Nf6 4.Nc3 a6 5.Qc2 g6 6.d4 Bg7 7.Bd3 O-O 8.O-O dxc4
9.Bxc4 b5 10.Bd3 Nbd7 11.a4 b4 12.Ne4 Bb7 13.a5 Rc8 14.Bd2 c5 15.Nxc5 Nxc5
16.dxc5 b3 17.Qxb3 Bxf3 18.gxf3 Rxc5 19.Rfd1 Qa8 20.e4 Rb8 21.Qa3 Nd7 22.Rab1 Bd4
23.Be2 e5 24.Be3 Qa7 25.b4 Rc6 26.Bxd4 exd4 27.Qd3 Rd6 28.f4 f6 29.Qc4+ Kg7
30.Rb3 Re8 31.Bf3 Nf8 32.Qc5 Qe7 33.Rxd4 Rxd4 34.Qxd4 Ne6 35.Qe3 Rd8 36.e5 f5
37.Rd3 Rxd3 38.Qxd3 Nxf4 39.Qd6  1-0

[Event "IM"]
[Site "Varazdin CRO"]
[Date "2003.11.23"]
[Round "4"]
[White "Ivanov,J"]
[Black "Segovic,G"]
[Result "1-0"]
[WhiteElo "2426"]
[BlackElo "2091"]

1.Nf3 d5 2.c4 c6 3.e3 Nf6 4.Nc3 e6 5.b3 Bd6 6.Bb2 O-O 7.Qc2 dxc4 8.Bxc4 Nbd7
9.Ng5 h6 10.h4 Re8 11.O-O-O Qa5 12.Nge4 Ba3 13.Bxa3 Qxa3+ 14.Qb2 Qxb2+ 15.Kxb2 Nxe4
16.Nxe4 Nb6 17.Be2 e5 18.d4 exd4 19.Rxd4 Nd5 20.g4 Re7 21.g5 Bf5 22.Ng3 Bh7
23.Bf3 Nc7 24.gxh6 gxh6 25.Nh5 Bg6 26.Nf4 Ne6 27.Nxg6 fxg6 28.Rg4 Nf8 29.Be4 Re6
30.Rhg1 Kf7 31.Bd3 b5 32.Rf4+ Rf6 33.Rxf6+ Kxf6 34.Rc1 Rc8 35.Bxb5 c5 36.Rd1 Ke5
37.Be2 g5 38.hxg5 hxg5 39.Bc4 Kf5 40.Rd5+ Kf6 41.Kc3 Rc7 42.Bd3 Ne6 43.Rf5+ Kg7
44.Bc4 Nd8 45.Rxg5+ Kf6 46.Rd5 Nb7 47.f4 Na5 48.Rd6+ Kf5 49.Bd3+ Kg4 50.Be4 Re7
51.Kd3 c4+ 52.bxc4 Nxc4 53.Rg6+ Kh5 54.Rg5+ Kh4 55.Kxc4 Rxe4+ 56.Kd3 Ra4
57.Rg2 Kh3 58.Rg7 Rxa2 59.f5 a5 60.Ke4 a4 61.Kf3 Kh4 62.f6 Ra1 63.Kf4 Kh5
64.Kf5 Kh6 65.Rg2 Rf1+ 66.Ke6 Re1 67.f7 Rxe3+ 68.Kf6 Rf3+ 69.Ke7 Re3+ 70.Kf8 Kh7
71.Rh2+ Kg6 72.Kg8  1-0

[Event "ch-City Playoff"]
[Site "Mendoza ARG"]
[Date "2003.11.26"]
[Round "2"]
[White "Salguero,F"]
[Black "Luconi,C"]
[Result "1/2-1/2"]
[WhiteElo "2284"]
[BlackElo "2254"]

1.Nf3 d5 2.c4 e6 3.d4 Nf6 4.Bg5 c6 5.Nc3 dxc4 6.e4 b5 7.e5 h6 8.Bh4 g5 9.Nxg5 hxg5
10.Bxg5 Be7 11.exf6 Bxf6 12.Bxf6 Qxf6 13.a4 Rh4 14.axb5 Rxd4 15.Qf3 Qxf3
16.gxf3 Bb7 17.Rg1 Nd7 18.Rg8+ Nf8 19.Ra4 Ke7 20.Rg4 cxb5 21.Rxd4 bxa4 22.Rxc4 Bxf3
23.Rxa4 Ng6 24.Be2 Bxe2 25.Kxe2 Kf6 26.Ne4+ Ke5 27.Ke3 Ne7 28.f4+ Kf5 29.Kf3 Nd5
30.Ng3+ Kg6 31.Ra6 Nf6 32.f5+ exf5 33.Nh5 Kxh5 34.Rxf6 Kg5 35.Rxf7 Rb8 36.Rg7+ Kf6
37.Rxa7 Rxb2 38.h4 Rb3+ 39.Kf2 Rb4 40.h5 Kg5 41.Rg7+ Kf4 42.h6 Rb2+ 43.Kg1 Rb6
44.h7 Rh6 45.Kg2 Rh5 46.Re7 Kg5 47.Rg7+ Kf6 48.Ra7 Kg6 49.Kg3 Rxh7 50.Rxh7 Kxh7
51.Kf4  1/2-1/2

[Event "TCh-SWE 2003-4"]
[Site "Malmo SWE"]
[Date "2003.11.29"]
[Round "4"]
[White "Larsson,P"]
[Black "Johansson,G1"]
[Result "1/2-1/2"]
[WhiteElo "2350"]
[BlackElo "2242"]

1.Nf3 d5 2.c4 c6 3.d4 Nf6 4.Nc3 e6 5.Bg5 dxc4 6.e4 b5 7.e5 h6 8.Bh4 g5 9.Nxg5 hxg5
10.Bxg5 Nbd7 11.g3 Qa5 12.exf6 Ba6 13.Qf3 b4 14.Ne4 O-O-O 15.Be2 Bb7 16.O-O Qd5
17.Qf4 c5 18.Bf3 cxd4 19.Nd2 Qe5 20.Bxb7+ Kxb7 21.Nxc4 Qxf4 22.Bxf4 Nxf6
23.Rad1 Rh5 24.h4 Ne8 25.Rfe1 Rhd5 26.Ne5 f6 27.Ng6 Bd6 28.Rxe6 d3 29.Bxd6 R5xd6
30.Nf4 d2 31.Rxd6 Rxd6 32.h5 Nc7 33.h6 f5 34.h7 Rh6 35.Rxd2 Rxh7 36.Rd6 Re7
37.Kf1 a5 38.Rf6 Re5 39.Nd3 Rd5 40.Ke2 Nb5 41.Nf4 Rc5 42.Kd2 a4 43.Nd3 Rd5
44.Re6 Nd6 45.b3 Ne4+ 46.Ke3 Rxd3+ 47.Kxd3 Nc5+ 48.Kc4 Nxe6 49.Kxb4 axb3
50.Kxb3 Ng5 51.Kc4 Ne4 52.Kd5 Nxf2 53.Ke5  1/2-1/2

[Event "TCh-SWE 2003-4"]
[Site "Malmo SWE"]
[Date "2003.11.30"]
[Round "5"]
[White "Ornstein,A"]
[Black "Johansson,G1"]
[Result "1/2-1/2"]
[WhiteElo "2426"]
[BlackElo "2242"]

1.Nf3 d5 2.c4 c6 3.e3 Nf6 4.b4 Bg4 5.Bb2 e6 6.a3 a5 7.b5 Be7 8.bxc6 bxc6
9.Nc3 O-O 10.Be2 Nbd7 11.Nd4 Bxe2 12.Qxe2 Ne5 13.cxd5 cxd5 14.d3 Rb8 15.Rb1 Qd7
16.O-O Rfc8 17.a4 h6 18.Ncb5 Nc6 19.g3 Ne8 20.Rfc1 Nxd4 21.Bxd4 Rxc1+ 22.Rxc1 Rc8
23.Rxc8 Qxc8 24.Bc3 Bb4 25.Bxb4 axb4 26.Qb2 Qc5 27.Kg2 Nf6 28.Qd4 Nd7 29.Qxc5 Nxc5
30.a5 Kf8 31.Nd4 Ke8 32.Nb3 Na6 33.Kf3 Kd7 34.Ke2 Kc6 35.Nd4+ Kb7 36.f4 Nb8
37.f5 e5 38.Nb5 Kc6 39.Na7+ Kb7 40.Nb5 Kc6 41.Na7+ Kb7  1/2-1/2

[Event "Kurent Women"]
[Site "Ptuj SLO"]
[Date "2003.12.02"]
[Round "4"]
[White "Todorovic,V"]
[Black "Medic,Mir"]
[Result "0-1"]
[WhiteElo "2125"]
[BlackElo "2271"]

1.Nf3 d5 2.c4 e6 3.g3 Nf6 4.Bg2 dxc4 5.Qa4+ Nbd7 6.Qxc4 a6 7.Qb3 c5 8.a4 Be7
9.O-O Rb8 10.d3 b5 11.Bf4 bxa4 12.Qc2 Rb4 13.Nc3 O-O 14.Nxa4 Nd5 15.Bd2 Rb8
16.e4 Nb4 17.Qc4 a5 18.Bxb4 Rxb4 19.Qc3 Ba6 20.Rfd1 Qb8 21.d4 Be2 22.Rd2 Rb3
23.Qxa5 Bd8 24.Nb6 Bxb6 25.Qa4 Bxf3 26.Qxb3 Bxg2 27.Kxg2 cxd4 28.Qb5 Rd8
29.b4 h6 30.Ra6 Qc7 31.Rda2 Kh7 32.Qd3 Ne5 33.Qb5 d3 34.Rd2 Nc4 35.Rd1 Rd4
36.Ra8 Qb7  0-1

[Event "Kurent Women"]
[Site "Ptuj SLO"]
[Date "2003.12.03"]
[Round "6"]
[White "Todorovic,V"]
[Black "Rozic,V"]
[Result "1-0"]
[WhiteElo "2125"]
[BlackElo "2188"]

1.Nf3 d5 2.c4 e6 3.g3 Nf6 4.Bg2 Nbd7 5.O-O c6 6.Qc2 Be7 7.d4 O-O 8.b3 b6
9.Rd1 Bb7 10.Nc3 Qc7 11.e4 Nxe4 12.Nxe4 dxe4 13.Qxe4 c5 14.Qe2 cxd4 15.Nxd4 Bxg2
16.Kxg2 Bf6 17.Bb2 Rfd8 18.Qf3 a6 19.Rd2 Rac8 20.Rad1 Nf8 21.h4 Rd7 22.h5 h6
23.Qg4 Kh8 24.Ba3 Kg8 25.Kg1 Bxd4 26.Rxd4 Rcd8 27.Bb2 Rxd4 28.Bxd4 e5 29.Be3 Rxd1+
30.Qxd1 Ne6 31.Qg4 Kh7 32.Qe4+ Kg8 33.Qa8+ Kh7 34.Qxa6 Qd6 35.Qxb6 Qd1+ 36.Kg2 e4
37.Qa5 Qf3+ 38.Kg1 f5 39.Qd2 Qxh5 40.a4 Qf7 41.a5 g5 42.Qd5 f4 43.Qxe4+ Kg8
44.Qa8+ Kh7 45.Qa7 Nc7 46.Bb6 Qe8 47.Qxc7+ Kg8 48.Qd8  1-0

[Event "DSEM"]
[Site "Hockenheim GER"]
[Date "2003.12.06"]
[Round "5"]
[White "Buhmann,R"]
[Black "Haag,M"]
[Result "1-0"]
[WhiteElo "2532"]
[BlackElo "2324"]

1.Nf3 d5 2.c4 d4 3.e3 Nc6 4.b4 Nxb4 5.exd4 e6 6.Be2 Nf6 7.O-O Be7 8.Bb2 O-O
9.Ne5 Nd7 10.Bf3 Nxe5 11.dxe5 Nd3 12.Bc3 c6 13.Qc2 Qd7 14.a4 Rd8 15.Be4 g6
16.a5 a6 17.Na3 c5 18.Rab1 Nb4 19.Qd1 Qc7 20.Nc2 Nc6 21.Ne3 Nxa5 22.Qf3 Rb8
23.d3 b5 24.Ng4 Kg7 25.Qe3 b4 26.Qh6+ Kh8 27.Nf6 Bxf6 28.exf6 Rg8 29.Bb2 Nb3
30.Rbe1 Nd4 31.Re3 e5 32.f4 Be6 33.f5  1-0

[Event "ch-GRE"]
[Site "Aspropyrgos GRE"]
[Date "2003.12.07"]
[Round "9"]
[White "Papaioannou,I"]
[Black "Skaperdas,K"]
[Result "1-0"]
[WhiteElo "2577"]
[BlackElo "2285"]

1.Nf3 d5 2.c4 c6 3.e3 Nf6 4.Nc3 a6 5.b3 Bf5 6.Ba3 g6 7.Be2 Bg7 8.O-O O-O
9.d4 Re8 10.Bb2 b5 11.Rc1 Ne4 12.Ne5 Nxc3 13.Bxc3 f6 14.Nd3 Nd7 15.Nb4 Nb8
16.Bb2 a5 17.Nd3 Bxd3 18.Bxd3 dxc4 19.bxc4 b4 20.a3 f5 21.axb4 axb4 22.c5 Na6
23.e4 e6 24.exf5 gxf5 25.Qb3 Kh8 26.Rfe1 Nc7 27.Bc4 Nd5 28.Rcd1 f4 29.Re4 Qf6
30.Qf3 Qg6 31.Rde1 b3 32.Bxb3 Rab8 33.Bc1 Rb4 34.Bxd5 cxd5 35.Rxf4 Rxd4 36.Bb2 Rxf4
37.Bxg7+ Kxg7 38.Qxf4 e5 39.Qa4 Re7 40.g3 Qf6 41.c6 e4 42.Qc2 Rc7 43.Rc1 Kf7
44.Qc5 Ke6 45.Rb1 Qe7 46.Qc3 Kd6 47.Rc1 Qg7 48.Qa3+ Ke6 49.Qe3 Qf6 50.Qb6 Qe7
51.Qb8 Kd6 52.Rb1 Ke6 53.Rb7 Kd6 54.Qa7 Qg7 55.Qa3+ Ke6 56.Qb4 Qf7 57.Qb6 Kd6
58.Rb8 Qe7 59.Qe3 Rxc6 60.Qf4+ Ke6 61.Rf8 Qg7 62.Kg2 Rd6 63.Qf5+ Ke7 64.Ra8 Rd7
65.Qxd7+  1-0

[Event "ch-IND National A"]
[Site "Calicut IND"]
[Date "2003.12.08"]
[Round "7"]
[White "Neelotpal,D"]
[Black "Das,A"]
[Result "1/2-1/2"]
[WhiteElo "2443"]
[BlackElo "2299"]

1.Nf3 d5 2.c4 c6 3.d4 Nf6 4.Nc3 a6 5.e3 b5 6.b3 Bg4 7.Be2 e6 8.O-O Nbd7 9.h3 Bh5
10.Bb2 Bd6 11.Ne5 Bxe2 12.Nxe2 Rc8 13.Rc1 O-O 14.Rc2 Rc7 15.Nf4 dxc4 16.bxc4 c5
17.Nfd3 cxd4 18.exd4 bxc4 19.Nxc4 Be7 20.Qe2 Nd5 21.Nce5  1/2-1/2

[Event "22nd SEA Games Standard"]
[Site "Ho Chi Minh City VIE"]
[Date "2003.12.10"]
[Round "5"]
[White "Chaivichit,S"]
[Black "Goh Koon Jong,J"]
[Result "0-1"]
[WhiteElo "2264"]
[BlackElo "2314"]

1.Nf3 d5 2.c4 c6 3.cxd5 cxd5 4.g3 Nf6 5.Bg2 Nc6 6.O-O Bg4 7.h3 Bh5 8.d3 e6
9.Qa4 Be7 10.e4 O-O 11.Nc3 a6 12.g4 Bg6 13.Nh4 Nb4 14.Nxg6 hxg6 15.e5 Nd7
16.d4 Rc8 17.Qd1 Nc6 18.Ne2 Qb6 19.Kh1 g5 20.h4 g6 21.hxg5 Kg7 22.Be3 Rh8+
23.Kg1 Rh4 24.f3 Na5 25.b3 Rch8 26.Bf2 Rh2 27.Bg3 R2h7 28.f4 Nc6 29.Qd2 Bb4
30.Qe3 Rc8 31.Rac1 Ba3 32.Rcd1 Ne7 33.Rf2 Nb8 34.Rdf1 Rc2 35.f5 gxf5 36.gxf5 Nxf5
37.Rxf5 exf5 38.e6 Nc6 39.Be5+ Kf8 40.Nf4 Nxe5 41.Qxe5 Bd6 42.e7+ Ke8 43.Qxd5 Kxe7
44.Re1+ Kf8 45.g6 fxg6 46.Ne6+ Kg8 47.Ng5+ Kg7 48.Qf7+ Kh6 49.Nxh7 Qxd4+
50.Kh1 Qh4+  0-1

[Event "6th Open"]
[Site "Tanta City EGY"]
[Date "2003.12.10"]
[Round "4"]
[White "Miroshnichenko,E"]
[Black "Sarwat,W"]
[Result "1-0"]
[WhiteElo "2571"]
[BlackElo "2325"]

1.Nf3 d5 2.c4 e6 3.g3 Nf6 4.Bg2 Be7 5.O-O O-O 6.d4 c5 7.Nc3 cxd4 8.Nxd4 e5
9.Nb3 d4 10.Nd5 Nc6 11.e4 dxe3 12.Bxe3 Nxd5 13.cxd5 Nb4 14.a3 Na6 15.Rc1 Bd6
16.Nd2 b6 17.Nc4 Bb7 18.f4 f6 19.fxe5 fxe5 20.Qg4 Bc8 21.Qe2 Bb7 22.Rxf8+ Qxf8
23.b4 Nc7 24.Bg5 Ba6 25.Rf1 Qb8 26.Be4 Qe8 27.Nxd6 Bxe2 28.Nxe8 Rxe8 29.d6 Bxf1
30.Kxf1 Rf8+ 31.Kg2 Ne8 32.Bd5+ Kh8 33.Be7 Nf6 34.Bxf8  1-0

[Event "ch-IND National A"]
[Site "Calicut IND"]
[Date "2003.12.13"]
[Round "14"]
[White "Kunte,A"]
[Black "Neelotpal,D"]
[Result "1/2-1/2"]
[WhiteElo "2535"]
[BlackElo "2443"]

1.Nf3 d5 2.c4 c6 3.e3 Nf6 4.Nc3 a6 5.Be2 Bg4 6.b3 Nbd7 7.h3 Bh5 8.Bb2 e6
9.O-O Bd6 10.d4 O-O 11.Rc1  1/2-1/2

[Event "6th Open"]
[Site "Tanta City EGY"]
[Date "2003.12.13"]
[Round "6"]
[White "Miroshnichenko,E"]
[Black "Vysochin,S"]
[Result "1/2-1/2"]
[WhiteElo "2571"]
[BlackElo "2584"]

1.Nf3 d5 2.c4 e6 3.g3 c5 4.Bg2 Nc6 5.O-O Nf6 6.b3 Be7 7.e3 O-O 8.Bb2 b6 9.Qe2 Bb7
10.d3 dxc4 11.dxc4 Qc7 12.Nc3  1/2-1/2

[Event "RUS-UKR Blitz g/3"]
[Site "bereg.ru INT"]
[Date "2003.12.14"]
[Round "8"]
[White "Miroshnichenko,E"]
[Black "Dobrov,V"]
[Result "1-0"]
[WhiteElo "2571"]
[BlackElo "2492"]

1.Nf3 d5 2.c4 c6 3.g3 Nf6 4.Bg2 dxc4 5.O-O Nbd7 6.Qc2 Nb6 7.a4 a5 8.Na3 Be6
9.Ng5 Bg4 10.Re1 h6 11.Nf3 Be6 12.Rd1 Qd5 13.d3 cxd3 14.Rxd3 Bf5 15.Rxd5 Bxc2
16.Rc5 Bxa4 17.Nc4 Nxc4 18.Rxa4 b5 19.Ra1 e5 20.Rxc6 Kd7 21.Rxc4 bxc4 22.Nxe5+ Ke6
23.Bxa8 Kxe5 24.Rxa5+ Ke6 25.Ra6+ Ke5 26.Bf4+ Kd4 27.Be3+ Ke5 28.f4+ Kf5
29.Bd4 Bb4 30.Kg2 Re8 31.Kf3 Kg6 32.Be4+ Rxe4 33.Rxf6+ gxf6 34.Kxe4 f5+ 35.Kd5 Kh5
36.Kxc4 Be1 37.b4 Kg4 38.b5 Ba5 39.b6 Bxb6 40.Bxb6 Kh3 41.Bd8 Kxh2 42.Bh4  1-0

[Event "ch-IND National A"]
[Site "Calicut IND"]
[Date "2003.12.14"]
[Round "15"]
[White "Srinivasa Rao,M"]
[Black "Ganguly,S"]
[Result "0-1"]
[WhiteElo "2329"]
[BlackElo "2531"]

1.Nf3 d5 2.c4 dxc4 3.Qa4+ Nc6 4.Ne5 Qd6 5.Nxc6 Bd7 6.Qxc4 Bxc6 7.Nc3 Nf6
8.d3 h6 9.b4 e5 10.b5 Bd7 11.Bd2 Qd4 12.e3 Qxc4 13.dxc4 Bf5 14.Be2 Ba3 15.Bf3 O-O-O
16.Nd1 Bd3 17.Bc3 Bxc4 18.Bxe5 Bb4+ 19.Nc3 Rhe8  0-1

[Event "Christmas Open"]
[Site "Zadar CRO"]
[Date "2003.12.15"]
[Round "1"]
[White "Sebenik,M"]
[Black "Brkic,I"]
[Result "1-0"]
[WhiteElo "2430"]
[BlackElo "2081"]

1.Nf3 d5 2.c4 Nf6 3.cxd5 Nxd5 4.e4 Nb6 5.d4 Bg4 6.Bb5+ c6 7.Be2 N8d7 8.O-O e6
9.Bf4 Be7 10.Nc3 O-O 11.h3 Bh5 12.Qb3 Nf6 13.Rfd1 Kh8 14.a4 a5 15.Be3 Bb4
16.Bg5 h6 17.Bxf6 Qxf6 18.Na2 Qe7 19.Nxb4 Qxb4 20.Qxb4 axb4 21.a5 Bxf3 22.gxf3 Nd7
23.Rdc1 e5 24.Rc4 exd4 25.Rxd4 Ne5 26.Rxb4 b5 27.Rd4 g5 28.b4 Rfd8 29.Rad1 Rxd4
30.Rxd4 Kg7 31.Kg2 f6 32.Kg3 h5 33.h4 c5 34.Rd5 gxh4+ 35.Kxh4 cxb4 36.Rxb5 Ng6+
37.Kg3 h4+ 38.Kg4 h3 39.Kg3 b3 40.a6 Rh8 41.Rb7+ Kh6 42.Rxb3 f5 43.exf5 h2
44.Kxh2 Kg5+ 45.Kg1 Nf4 46.Bf1 Kxf5 47.Bd3+ Ke5 48.Rb5+ Kd6 49.Be4 Rg8+ 50.Kf1 Rh8
51.Ke1 Rh1+ 52.Kd2 Ra1 53.Rf5 Ne6 54.Bb7 Ke7 55.Rh5 Nc7 56.Rh7+ Kd6 57.f4 Ne6
58.Rh6 Ke7 59.f5 Ng5 60.f4 Nf7 61.Re6+ Kd7 62.Bc6+ Kd8 63.a7 Rxa7 64.Re8+ Kc7
65.Re7+ Kb6 66.Rxa7 Kxa7 67.Be8 Nd8 68.Ke3 Kb6 69.Ke4 Kc7 70.Kd5 Nb7 71.f6 Kd8
72.Bb5 Na5 73.Ke6 Nb3 74.f7  1-0